Le Cantique des Cantiques / (Record no. 152075)

MARC details
000 -LEADER
campo de control de longitud fija 00866nam a22002295i 4500
001 - NÚMERO DE CONTROL
campo de control 152075
003 - IDENTIFICADOR DE NÚMERO DE CONTROL
campo de control ES-MaACL
005 - FECHA Y HORA DE LA ÚLTIMA TRANSACCIÓN
campo de control 20250819000537.0
008 - DATOS DE LONGITUD FIJA--INFORMACIÓN GENERAL
campo de control de longitud fija 990520s1861 fr |||| | fre d
040 ## - FUENTE DE CATALOGACIÓN
Centro catalogador/agencia de origen BA
Lengua de catalogación spa
Centro/agencia transcriptor BA
130 00 - ENTRADA PRINCIPAL--TÍTULO UNIFORME
Título uniforme Biblia.
Nombre de parte o sección de la obra A. T.
-- Cantar de los cantares
9 (RLIN) 119254
245 13 - MENCIÓN DEL TÍTULO
Título Le Cantique des Cantiques /
Mención de responsabilidad, etc. traduit de l'hébreu avec une étude sur le plan, l'age et le caractère du poëme par Ernest Renan.
250 ## - MENCION DE EDICION
Mención de edición Deuxième édition, revue et corrigée.
260 ## - PUBLICACIÓN, DISTRIBUCIÓN, ETC.
Lugar de publicación, distribución, etc. Paris :
Nombre del editor, distribuidor, etc. Michel Lévy Frères,
Fecha de publicación, distribución, etc. 1861 (
Fabricante Imprimerie Pillet fils aîné)
300 ## - DESCRIPCIÓN FÍSICA
Extensión [4], XIV, [1], 210, [1] p. ;
Dimensiones 22 cm.
596 ## - NOTA AL PIE DE IMPRENTA
NOTA AL PIE DE IMPRENTA Marca ed. en port.
597 ## - NOTA DE DESCRIPCIÓN FÍSICA
NOTA DE DESCRIPCIÓN FÍSICA Signuratizado númericamente.
597 ## - NOTA DE DESCRIPCIÓN FÍSICA
NOTA DE DESCRIPCIÓN FÍSICA Antep.
700 1# - ENTRADA AGREGADA--NOMBRE PERSONAL
Nombre de persona Renan, Ernest,
Fechas asociadas al nombre 1823-1892
9 (RLIN) 96168
852 ## - LOCALIZACIÓN
Ubicación ES-MaACL
Número de control de estantería F-9174(1)
Nota libre -- Enc. pasta
Holdings
Estatus retirado Estado de pérdida Estado de daño No para préstamo Colección Biblioteca de origen Biblioteca actual Ubicación en estantería Fecha de adquisición Fuente de adquisición Total de préstamos Signatura topográfica completa Código de barras Visto por última vez Precio de reemplazo Tipo de ítem Koha
        Libros del s. XIX Biblioteca del Ateneo de Madrid Biblioteca del Ateneo de Madrid Sala Pecera Planta 2 17/01/2008     F-9174(1) 1158742 23/02/2023 23/02/2023 Libro impreso antiguo